000 00539nam a2200169 i 4500
001 38631
003 ES-MaACL
005 20230906155806.0
007 t|
008 030226s1917 sp ||||1| spa d
100 1 _aBurroughs, Edgar Rice.
_932776
245 1 3 _aEl hijo de Tarzán
_b: novela /
_cpor Edgar Rice Burroughs ; traducción de Emilio Martínez Amador.
260 _aBarcelona :
_bGustavo Gili,
_c1917 (
_fL. Cortina)
300 _a324 p. ;
_c20 cm.
700 1 _aMartínez Amador, Emilio M.
_977852
852 _aES-MaACL
_jB-13226
999 _c38631
_d38631